| 000 | 00709cab a2200241 4500 | ||
|---|---|---|---|
| 001 | ABS41902 | ||
| 008 | 090401t1989 xxu||||| |||| 00| 0 eng d | ||
| 035 | _a(Sirsi) u33375 | ||
| 041 | _aeng | ||
| 245 | _aProperty and money | ||
| 260 | _c1989 | ||
| 350 | _a0 | ||
| 490 |
_aEstates Gazette _v(8948) 2 December 1989 |
||
| 520 | _aThe beginner`s guide continues by examining what to look for in a property company prospectus and the valuation of leasehold properties. | ||
| 650 | _aINVESTMENT | ||
| 650 | _aPROPERTY COMPANIES | ||
| 650 | _aSALE AND LEASEBACK | ||
| 650 | _aWASTING ASSETS | ||
| 650 | _aYEARS PURCHASE | ||
| 690 | _aPROPERTY LAW AND PRACTICE | ||
| 942 | _n0 | ||
| 948 | _c04/03/1997 | ||
| 999 |
_c22302 _d22302 |
||